[Event "O2C Doeberl Cup 2014"]
[Site "Canberra AUS"]
[Date "2014.04.17"]
[Round "2.4"]
[White "Vajda, Levente"]
[Black "Feldman, Vladimir"]
[Result "1-0"]
[WhiteTitle "GM"]
[BlackTitle "IM"]
[WhiteElo "2597"]
[BlackElo "2219"]
[WhiteFideId "1203975"]
[BlackFideId "3201791"]
[EventDate "2014.04.17"]

1. e4 c5 2. c3 d6 3. d4 Nf6 4. Bd3 Qc7 5. Nf3 g6 6. O-O Bg7 7. h3 O-O 8. Be3 b6
9. Qe2 Bb7 10. Nbd2 Nbd7 11. a4 Rac8 12. Rfd1 c4 13. Bc2 a6 14. Nh2 e5 15. d5 b5
16. Ng4 Nc5 17. Nxf6+ Bxf6 18. Rdc1 Bg7 19. axb5 axb5 20. b3 cxb3 21. Nxb3 Na4
22. Qxb5 Nxc3 23. Qd3 f5 24. f3 fxe4 25. fxe4 Rf4 26. Nc5 dxc5 27. Qxc3 Bf8 28.
Rcb1 Rf7 29. Ra7 Rb8 30. d6 Qc6 31. Bb3 Qxe4 32. Bxf7+ Kxf7 33. Rbxb7+ Rxb7 34.
Qb3+ 1-0

[Event "O2C Doeberl Cup 2014"]
[Site "Canberra AUS"]
[Date "2014.04.17"]
[Round "2.5"]
[White "Matheson, Laurence"]
[Black "Zhao, Zong-Yuan"]
[Result "0-1"]
[BlackTitle "GM"]
[WhiteElo "2205"]
[BlackElo "2573"]
[WhiteFideId "3200264"]
[BlackFideId "3202534"]
[EventDate "2014.04.17"]

1. e4 c5 2. Nf3 Nc6 3. d3 g6 4. g3 Bg7 5. Bg2 e5 6. O-O Nge7 7. Be3 d6 8. Qd2 h6
9. c3 f5 10. Na3 g5 11. exf5 Nxf5 12. Nc2 O-O 13. d4 g4 14. Nfe1 cxd4 15. cxd4
exd4 16. Bf4 Be6 17. Nd3 Qd7 18. Rfe1 Rae8 19. Qd1 Bc4 20. Bf1 Rxe1 21. Ncxe1
Be6 22. Qxg4 Ne3 23. Qe2 Nxf1 24. Kxf1 Bd5 25. Kg1 Re8 26. Qh5 Bf7 27. Qh4 Re4
28. f3 Re6 29. g4 Bg6 30. Bd2 Qf7 31. Nf4 Re7 32. Nxg6 Qxg6 33. Qf2 d3 34. Bc3
Re2 35. Qf1 Bxc3 36. bxc3 Qg5 37. Nxd3 Qe3+ 38. Nf2 Ne5 39. Rd1 Nxf3+ 40. Kg2
Nh4+ 41. Kg1 Nf3+ 42. Kg2 Nxh2 0-1

[Event "O2C Doeberl Cup 2014"]
[Site "Canberra AUS"]
[Date "2014.04.17"]
[Round "2.6"]
[White "Berezina, Irina"]
[Black "Illingworth, Max"]
[Result "0-1"]
[WhiteTitle "IM"]
[BlackTitle "IM"]
[WhiteElo "2195"]
[BlackElo "2447"]
[WhiteFideId "3201937"]
[BlackFideId "3205207"]
[EventDate "2014.04.17"]

1. d4 Nf6 2. Nf3 e6 3. g3 b5 4. Bg2 Bb7 5. O-O c5 6. c3 Na6 7. Nbd2 Be7 8. b3
O-O 9. Bb2 Rc8 10. a3 d6 11. Re1 Ne4 12. Nxe4 Bxe4 13. Nd2 Bxg2 14. Kxg2 Qc7 15.
Rc1 c4 16. e4 cxb3 17. Qxb3 Rb8 18. h4 Qd7 19. Qc2 Nc7 20. Qd3 d5 21. Nf3 dxe4
22. Qxe4 Qd5 23. Qc2 Rfc8 24. Re3 Qb7 25. Qe2 Nd5 26. Rd3 Bxh4 27. Rh1 Be7 28.
Kg1 h6 29. Ne5 Rc7 30. Qh5 Bf6 31. Ng4 Bg5 32. Ne5 a5 33. Qd1 Rbc8 34. f4 Bf6
35. Qe1 Bxe5 36. fxe5 b4 37. cxb4 axb4 38. Rh2 bxa3 39. Bxa3 Qa6 40. Rhd2 Rc3
41. Rxc3 Rxc3 42. Bc5 Qc4 43. Kh2 Ne3 44. Re2 Rc2 0-1

[Event "O2C Doeberl Cup 2014"]
[Site "Canberra AUS"]
[Date "2014.04.17"]
[Round "2.7"]
[White "Zulfic, Fedja"]
[Black "Cheng, Bobby"]
[Result "0-1"]
[BlackTitle "IM"]
[WhiteElo "2192"]
[BlackElo "2438"]
[WhiteFideId "3208427"]
[BlackFideId "4300033"]
[EventDate "2014.04.17"]

1. d4 e6 2. e4 d5 3. Nc3 Bb4 4. Ne2 dxe4 5. a3 Bxc3+ 6. Nxc3 Nc6 7. Bb5 Ne7 8.
Bg5 f6 9. Be3 O-O 10. Qd2 f5 11. O-O-O Nd5 12. Bg5 e3 13. Bxe3 f4 14. Nxd5 Qxd5
15. Bxf4 Qxb5 16. Bxc7 Qd5 17. Kb1 Qxg2 18. Bg3 Bd7 19. h4 Qd5 20. h5 Be8 0-1

[Event "O2C Doeberl Cup 2014"]
[Site "Canberra AUS"]
[Date "2014.04.17"]
[Round "2.8"]
[White "Tao, Trevor"]
[Black "Bao, Qilin"]
[Result "1-0"]
[WhiteTitle "IM"]
[WhiteElo "2430"]
[BlackElo "2213"]
[WhiteFideId "3201961"]
[BlackFideId "8605750"]
[EventDate "2014.04.17"]

1. c4 Nf6 2. Nc3 g6 3. d4 Bg7 4. e4 d6 5. Bd3 O-O 6. Nge2 c5 7. d5 e6 8. O-O
exd5 9. cxd5 a6 10. a4 Re8 11. f3 Nbd7 12. Kh1 Rb8 13. Ng3 Ne5 14. Be3 h5 15.
Rf2 h4 16. Nf1 Nh5 17. Be2 f5 18. exf5 gxf5 19. f4 Ng4 20. Bxg4 fxg4 21. f5 g3
22. Qxh5 gxf2 23. Bg5 Qd7 24. f6 Re1 25. Rd1 h3 26. fxg7 Qxg7 27. gxh3 Bf5 28.
Kg2 Rxd1 29. Nxd1 Be4+ 30. Kg3 Bd3 31. Nde3 Rf8 32. Qg4 Kh8 33. Qh4+ Kg8 34. Qg4
Kh8 35. Bf4 Qxb2 36. Qh5+ Bh7 37. Bxd6 Qg7+ 38. Ng4 Qc3+ 39. Kh4 Rf3 40. Be5+
Qxe5 41. Qxe5+ 1-0

[Event "O2C Doeberl Cup 2014"]
[Site "Canberra AUS"]
[Date "2014.04.17"]
[Round "2.9"]
[White "Wright, Neil"]
[Black "Johansen, Darryl K."]
[Result "0-1"]
[BlackTitle "GM"]
[WhiteElo "2169"]
[BlackElo "2400"]
[WhiteFideId "3202690"]
[BlackFideId "3200035"]
[EventDate "2014.04.17"]

1. d4 Nf6 2. c4 c5 3. Nf3 cxd4 4. Nxd4 e6 5. Nc3 a6 6. g3 Qc7 7. Qa4 Nc6 8. Nxc6
bxc6 9. Bg2 Rb8 10. a3 a5 11. O-O Bd6 12. Rb1 O-O 13. Rd1 Be5 14. Bd2 d5 15.
Rdc1 Bd7 16. e4 c5 17. Nb5 Nxe4 18. Bxe4 dxe4 19. Bxa5 Qb7 20. Bc3 e3 21. Qd1
Bxc3 22. Nxc3 exf2+ 23. Kxf2 Bc6 24. Rc2 Rfd8 25. Rd2 Qe7 26. Qe2 Qf6+ 27. Ke1
Rd4 28. Rxd4 cxd4 29. Ne4 Qf5 30. Nd2 e5 31. b4 e4 32. Qf2 Qg6 33. Qf4 Re8 34.
Rb3 e3 35. Nf3 Bxf3 36. Qxf3 Qc2 0-1

[Event "O2C Doeberl Cup 2014"]
[Site "Canberra AUS"]
[Date "2014.04.17"]
[Round "2.10"]
[White "Izzat, Kanan"]
[Black "Otgonjargal, Sengeravdan"]
[Result "1-0"]
[WhiteTitle "FM"]
[BlackTitle "WFM"]
[WhiteElo "2383"]
[BlackElo "2196"]
[WhiteFideId "13405209"]
[BlackFideId "4900790"]
[EventDate "2014.04.17"]

1. Nf3 d5 2. g3 c6 3. Bg2 e6 4. O-O Bd6 5. c4 Nf6 6. d4 Ne4 7. Bf4 Bxf4 8. gxf4
Nd6 9. Nbd2 h6 10. Qc2 Qf6 11. e3 Nd7 12. Ne5 Nf5 13. Ndf3 Nh4 14. Nxh4 Qxh4 15.
Rac1 O-O 16. b4 a6 17. a4 dxc4 18. Nxc4 Nf6 19. Nb6 Rb8 20. Qc5 Rd8 21. b5 Nd5
22. bxc6 bxc6 23. Rb1 Nf6 24. Qe7 Re8 25. Qd6 Bb7 26. Qc7 Ba8 27. h3 Nd5 28.
Nxd5 Rbc8 29. Ne7+ Qxe7 30. Qxe7 Rxe7 31. Rfc1 Rb7 32. Rxb7 Bxb7 33. Rb1 Rc7 34.
a5 Kf8 35. Rb6 Ke7 36. Bf1 Kd6 37. h4 f6 38. Kh2 Kd5 39. Kg3 e5 40. dxe5 fxe5
41. Bg2+ Kd6 42. fxe5+ Kxe5 43. f4+ Kd6 44. e4 Kc5 45. e5 Bc8 46. Bf3 Bf5 47.
Rxa6 Kb5 48. Be2+ Kb4 49. Ra8 c5 50. a6 Be4 51. Rb8+ Ka5 52. Bc4 Bc6 53. f5 Re7
54. e6 Be8 55. a7 Bc6 56. a8=Q+ Bxa8 57. Rxa8+ Kb4 58. Bd5 c4 59. Rc8 1-0

[Event "O2C Doeberl Cup 2014"]
[Site "Canberra AUS"]
[Date "2014.04.17"]
[Round "2.12"]
[White "Richards, Heather S"]
[Black "Lane, Gary W."]
[Result "0-1"]
[WhiteTitle "WIM"]
[BlackTitle "IM"]
[WhiteElo "2148"]
[BlackElo "2362"]
[WhiteFideId "408697"]
[BlackFideId "3203301"]
[EventDate "2014.04.17"]

1. d4 d5 2. Bg5 f6 3. Bh4 Nh6 4. e3 c5 5. Nc3 Nf5 6. Bg3 e6 7. Bd3 cxd4 8. exd4
Nxd4 9. Qh5+ g6 10. Bxg6+ hxg6 11. Qxg6+ Ke7 12. Bxb8 Rxb8 13. O-O-O e5 14. Nf3
Bf5 15. Qg3 Bh6+ 16. Kb1 Bxc2+ 17. Ka1 Bxd1 18. Nxe5 Bh5 19. Ng6+ Bxg6 20. Qxg6
Nc6 0-1

[Event "O2C Doeberl Cup 2014"]
[Site "Canberra AUS"]
[Date "2014.04.17"]
[Round "2.14"]
[White "Stevens, Tristan"]
[Black "Smirnov, Anton"]
[Result "0-1"]
[BlackTitle "FM"]
[WhiteElo "2133"]
[BlackElo "2344"]
[WhiteFideId "3204898"]
[BlackFideId "3208923"]
[EventDate "2014.04.17"]

1. e4 c5 2. Nf3 d6 3. d4 cxd4 4. Nxd4 Nf6 5. Nc3 a6 6. h3 e5 7. Nf3 Be7 8. Be3
O-O 9. g4 Be6 10. Qd2 Nc6 11. O-O-O Rc8 12. g5 Nd7 13. Nh4 Nd4 14. f4 Nb5 15.
Bxb5 exf4 16. Bxf4 axb5 17. Nf5 b4 18. Nd5 Bxd5 19. Qxd5 Bxg5 20. Bxg5 Qxg5+ 21.
Kb1 g6 22. Qxd6 Rcd8 23. Rhg1 Qf6 24. Qc7 Qb6 25. Qf4 Kh8 26. Qh6 Rg8 27. Nd6
Ne5 28. Qf4 Rxd6 29. Qxe5+ Rf6 30. Rgf1 Kg7 31. Rd4 Rd8 32. Rxd8 Qxd8 33. Kc1
Qd6 34. Qxf6+ Qxf6 35. Rxf6 Kxf6 36. Kd2 Ke5 37. Ke3 g5 38. c3 bxc3 39. bxc3 b5
40. c4 bxc4 41. a4 h5 42. a5 Kd6 0-1

[Event "O2C Doeberl Cup 2014"]
[Site "Canberra AUS"]
[Date "2014.04.17"]
[Round "2.38"]
[White "Stead, Kerry"]
[Black "Lo, Willis"]
[Result "0-1"]
[WhiteElo "2013"]
[BlackElo "1819"]
[WhiteFideId "3202577"]
[BlackFideId "3213951"]
[EventDate "2014.04.17"]

1. d4 c6 2. e4 d5 3. Nc3 dxe4 4. f3 exf3 5. Nxf3 Nf6 6. Bc4 Bf5 7. O-O e6 8. Ng5
Bg6 9. Be3 Bd6 10. Qe2 Qe7 11. Rae1 O-O 12. Nh3 Qc7 13. Nf4 Nd5 14. Nxg6 Bxh2+
15. Kh1 hxg6 16. Ne4 Nd7 17. Rf3 N5f6 18. Ng5 Nb6 19. Bd3 Nbd5 20. Ref1 Bd6 21.
Bd2 Nh5 22. Nxe6 Qe7 23. Ng5 Qxe2 24. Bxe2 Ng3+ 25. Rxg3 Bxg3 26. c4 Nf6 27. Rf3
Rfe8 28. Bd3 Bd6 29. c5 Bc7 30. Bc4 Re7 31. g4 Nd5 32. Bd3 Nf6 33. Bc4 Nd5 34.
Bd3 Rae8 35. Kg2 b6 36. b4 bxc5 37. dxc5 Be5 38. b5 cxb5 39. Bxb5 Rb8 40. Bc4
Rb2 41. Ne4 Nf6 42. Nxf6+ gxf6 43. Rd3 Bf4 0-1

[Event "O2C Doeberl Cup 2014"]
[Site "Canberra AUS"]
[Date "2014.04.18"]
[Round "3.2"]
[White "Lane, Gary W."]
[Black "Van Wely, Loek"]
[Result "0-1"]
[WhiteTitle "IM"]
[BlackTitle "GM"]
[WhiteElo "2362"]
[BlackElo "2685"]
[WhiteFideId "3203301"]
[BlackFideId "1000268"]
[EventDate "2014.04.17"]

1. e4 c5 2. Nf3 e6 3. d4 cxd4 4. Nxd4 a6 5. Nc3 d6 6. Be2 Nf6 7. O-O Be7 8. a4
Nc6 9. Be3 O-O 10. f4 Qc7 11. Kh1 Re8 12. Bf3 Rb8 13. Qe1 e5 14. Nde2 Be6 15. f5
Bc4 16. g4 Nd4 17. Nxd4 exd4 18. Bxd4 Bxf1 19. Qxf1 Nd7 20. Qg2 Rbc8 21. h4 Bf6
22. Bxf6 Nxf6 23. g5 Nd7 24. f6 Qb6 25. Rg1 Qxb2 26. Nd5 Rxc2 27. Qg3 g6 28. h5
Rc1 29. Rxc1 Qxc1+ 30. Kh2 Ne5 31. Bg2 gxh5 32. Ne7+ Kh8 33. Nf5 Rg8 34. Ng7
Ng4+ 0-1

[Event "O2C Doeberl Cup 2014"]
[Site "Canberra AUS"]
[Date "2014.04.18"]
[Round "3.3"]
[White "Melkumyan, Hrant"]
[Black "Smirnov, Anton"]
[Result "1/2-1/2"]
[WhiteTitle "GM"]
[BlackTitle "FM"]
[WhiteElo "2633"]
[BlackElo "2344"]
[WhiteFideId "13302485"]
[BlackFideId "3208923"]
[EventDate "2014.04.17"]

1. d4 Nf6 2. c4 g6 3. Nf3 Bg7 4. e3 c5 5. d5 d6 6. Nc3 O-O 7. Be2 e6 8. O-O exd5
9. cxd5 Bg4 10. h3 Bxf3 11. Bxf3 Nbd7 12. e4 Re8 13. Re1 a6 14. a4 c4 15. Be3
Rc8 16. Qc2 Nc5 17. Bxc5 Rxc5 18. Rad1 Nd7 19. g3 b5 20. axb5 axb5 21. Be2 Nb6
22. Bf3 b4 23. Ne2 b3 24. Qb1 Na4 25. Nd4 c3 26. bxc3 Nxc3 27. Qxb3 Nxd1 28.
Qxd1 Bxd4 29. Qxd4 Qc7 30. Kg2 Rc1 31. Re3 Qe7 32. h4 Qe5 1/2-1/2

[Event "O2C Doeberl Cup 2014"]
[Site "Canberra AUS"]
[Date "2014.04.18"]
[Round "3.4"]
[White "Li, Zuhao Luke"]
[Black "Vajda, Levente"]
[Result "1/2-1/2"]
[WhiteTitle "FM"]
[BlackTitle "GM"]
[WhiteElo "2326"]
[BlackElo "2597"]
[WhiteFideId "4303431"]
[BlackFideId "1203975"]
[EventDate "2014.04.17"]

1. d4 Nf6 2. c4 e6 3. Nc3 d5 4. cxd5 exd5 5. Bg5 c6 6. e3 Bd6 7. Bd3 h6 8. Bh4
O-O 9. Nf3 Re8 10. Qc2 Nbd7 11. O-O Nf8 12. Rae1 Bd7 13. e4 dxe4 14. Nxe4 Be7
15. Nc5 Bxc5 16. dxc5 Rxe1 17. Rxe1 Be6 18. b3 a5 19. h3 a4 20. bxa4 N8d7 21.
Rb1 Ra7 22. Nd4 Qf8 23. Bxf6 Nxf6 24. Nxe6 fxe6 25. Qe2 Qf7 26. Qe5 Ra8 27. Rb4
Nd5 28. Re4 Qf6 29. Qxf6 Nxf6 30. Rxe6 Kf8 31. Bc2 1/2-1/2

[Event "O2C Doeberl Cup 2014"]
[Site "Canberra AUS"]
[Date "2014.04.18"]
[Round "3.5"]
[White "Zhao, Zong-Yuan"]
[Black "Ikeda, Junta"]
[Result "1-0"]
[WhiteTitle "GM"]
[BlackTitle "FM"]
[WhiteElo "2573"]
[BlackElo "2338"]
[WhiteFideId "3202534"]
[BlackFideId "3204731"]
[EventDate "2014.04.17"]

1. e4 c5 2. Nf3 e6 3. d4 cxd4 4. Nxd4 a6 5. Bd3 Bc5 6. Be3 d6 7. O-O Nf6 8. c3
Nbd7 9. Nd2 d5 10. Qe2 Qc7 11. Bg5 dxe4 12. Nxe4 Nxe4 13. Qxe4 Nf6 14. Qh4 Be7
15. Rfe1 Qb6 16. Re2 Bd7 17. Rae1 Nd5 18. Nf5 Bxg5 19. Qxg5 g6 20. c4 f6 21. Qh4
O-O-O 22. cxd5 exf5 23. Qg3 Bb5 24. Rc1+ Kd7 25. Bxf5+ 1-0

[Event "O2C Doeberl Cup 2014"]
[Site "Canberra AUS"]
[Date "2014.04.18"]
[Round "3.6"]
[White "Illingworth, Max"]
[Black "Van Ruitenburg, Joost"]
[Result "1-0"]
[WhiteTitle "IM"]
[BlackTitle "FM"]
[WhiteElo "2447"]
[BlackElo "2326"]
[WhiteFideId "3205207"]
[BlackFideId "1010000"]
[EventDate "2014.04.17"]

1. e4 e5 2. Nf3 Nc6 3. Bb5 f5 4. Bxc6 dxc6 5. Nc3 Bd6 6. d4 exd4 7. Qxd4 fxe4 8.
Bg5 Nf6 9. Nxe4 Be7 10. Qe5 O-O 11. Rd1 Bb4+ 12. c3 Qe7 13. Nxf6+ gxf6 14. Qxe7
Bxe7 15. Bf4 Be6 16. b3 a5 17. O-O Bf7 18. Rd7 Bd8 19. Bxc7 Be6 20. Rxd8 Rfxd8
21. Bxd8 Rxd8 22. Rc1 a4 23. Nd4 Bf7 24. bxa4 Ra8 25. Rb1 Rxa4 26. Rxb7 Rxa2 27.
f3 Ra3 28. Nf5 Bg6 29. Ne7+ Kf8 30. Nxc6 Rxc3 31. Nd4 Ra3 32. Ne6+ Ke8 33. Kf2
Ra2+ 34. Kg3 Ra5 35. h4 Bf7 36. Nf4 Kf8 37. Nd3 Kg8 38. Nf2 Ra6 39. Rd7 Be6 40.
Re7 Bf7 41. Ne4 Bg6 42. Nc5 Ra5 43. Rc7 Bf7 44. Kf4 Ra2 45. g4 h5 46. Ne4 Ra6
47. Kf5 hxg4 48. Nxf6+ Kg7 49. Nxg4 Kf8 50. Ne5 Bh5 51. f4 Be2 52. Kg5 Ra5 53.
h5 Kg8 54. h6 Bd3 55. Re7 1-0

[Event "O2C Doeberl Cup 2014"]
[Site "Canberra AUS"]
[Date "2014.04.18"]
[Round "3.7"]
[White "Cheng, Bobby"]
[Black "Mu, Ke"]
[Result "0-1"]
[WhiteTitle "IM"]
[WhiteElo "2438"]
[BlackElo "2325"]
[WhiteFideId "4300033"]
[BlackFideId "8602778"]
[EventDate "2014.04.17"]

1. d4 Nf6 2. c4 g6 3. g3 Bg7 4. Bg2 O-O 5. Nc3 d6 6. Nf3 Nc6 7. d5 Na5 8. Nd2 c5
9. O-O a6 10. a4 Rb8 11. Rb1 Qc7 12. e4 Bg4 13. Qe1 Bd7 14. Qe2 e5 15. b4 cxb4
16. Rxb4 Bh6 17. Nb3 Bxc1 18. Rxc1 Nxb3 19. Rxb3 Rfc8 20. Bf1 Be8 21. Rcb1 Nd7
22. h4 Nc5 23. Rb4 h5 24. Qe3 Kg7 25. Be2 Qe7 26. Rb6 Bxa4 27. f4 exf4 28. Qxf4
Rd8 29. Re1 Be8 30. Bf1 Qc7 31. Rb2 Nd7 32. Qe3 Ne5 33. Rc1 Rdc8 34. Rb6 Kg8 35.
Nd1 Bb5 36. Rc3 Nd7 37. Rxd6 Qxd6 38. cxb5 Rxc3 39. Nxc3 axb5 40. Nxb5 Qe5 41.
Bg2 Nf6 42. Qd4 Qxd4+ 43. Nxd4 Ng4 44. Bf3 Ne5 45. Be2 Kf8 46. Kf2 Ke7 47. Ke3
Ra8 48. Nb5 f6 49. Bd1 Ra2 50. Nc3 Rb2 51. Be2 Rb4 52. Kd2 Kd6 53. Ke3 Kc5 54.
Bd1 Nc4+ 55. Kf4 Nd6 56. Ke3 Rc4 57. Kd3 Rxc3+ 58. Kxc3 Nxe4+ 59. Kc2 Nxg3 60.
Bf3 Nf5 61. d6 Nxd6 62. Kd3 b5 63. Bd1 Nf5 64. Bb3 Nxh4 65. Bf7 Nf3 0-1

[Event "O2C Doeberl Cup 2014"]
[Site "Canberra AUS"]
[Date "2014.04.18"]
[Round "3.8"]
[White "Zelesco, Karl"]
[Black "Tao, Trevor"]
[Result "1-0"]
[BlackTitle "IM"]
[WhiteElo "2274"]
[BlackElo "2430"]
[WhiteFideId "3213390"]
[BlackFideId "3201961"]
[EventDate "2014.04.17"]

1. d4 Nf6 2. c4 d6 3. Nc3 Nbd7 4. e4 e5 5. d5 Be7 6. Bd3 O-O 7. h3 Nc5 8. Bc2 a5
9. Be3 Ne8 10. Nf3 b6 11. g4 g6 12. Rg1 Ng7 13. Qe2 Bd7 14. O-O-O Qc8 15. Rg3
Kh8 16. Rdg1 f6 17. Ne1 Nb7 18. f4 exf4 19. Bxf4 Nd8 20. Ba4 Bxa4 21. Nxa4 Nf7
22. Nf3 Qd7 23. Nc3 Rae8 24. Nb5 f5 25. gxf5 Nh5 26. fxg6 Nxg3 27. Rxg3 hxg6 28.
Rxg6 Rg8 29. Ne5 1-0

[Event "O2C Doeberl Cup 2014"]
[Site "Canberra AUS"]
[Date "2014.04.18"]
[Round "3.9"]
[White "Johansen, Darryl K."]
[Black "Boyd, Tristan"]
[Result "1/2-1/2"]
[WhiteTitle "GM"]
[BlackTitle "FM"]
[WhiteElo "2400"]
[BlackElo "2267"]
[WhiteFideId "3200035"]
[BlackFideId "3203050"]
[EventDate "2014.04.17"]

1. c4 Nf6 2. Nc3 g6 3. d4 Bg7 4. e4 d6 5. Be2 O-O 6. Bg5 Na6 7. f4 c6 8. Nf3 Nc7
9. O-O d5 10. cxd5 cxd5 11. e5 Ne4 12. Bh4 f6 13. Nd2 Nxc3 14. bxc3 fxe5 15.
fxe5 1/2-1/2

[Event "O2C Doeberl Cup 2014"]
[Site "Canberra AUS"]
[Date "2014.04.18"]
[Round "3.10"]
[White "Stojic, Dusan"]
[Black "Roy Chowdhury, Saptarshi"]
[Result "1/2-1/2"]
[WhiteTitle "FM"]
[BlackTitle "GM"]
[WhiteElo "2173"]
[BlackElo "2491"]
[WhiteFideId "3203689"]
[BlackFideId "5002974"]
[EventDate "2014.04.17"]

1. Nf3 d5 2. g3 Nf6 3. Bg2 c6 4. O-O Bg4 5. b3 Nbd7 6. Bb2 Qc7 7. d4 e6 8. Nbd2
Be7 9. h3 Bh5 10. c4 O-O 11. Qe1 Rfe8 12. e4 dxe4 13. Nxe4 Bxf3 14. Bxf3 e5 15.
d5 cxd5 16. Nxf6+ Bxf6 17. Bxd5 e4 18. Bxf6 Nxf6 19. Rd1 Rad8 20. Qe3 b6 21. Rd4
Nxd5 22. Rxd5 Rxd5 23. cxd5 Qd7 24. Qd4 Qxh3 25. Re1 Qf5 26. d6 h6 27. Rc1 Rd8
28. Rc7 e3 29. Qxe3 Rxd6 30. Qe8+ Kh7 31. Qxf7 Rd1+ 32. Kh2 Qxf7 33. Rxf7 a5 34.
Rb7 Rd6 35. Kg2 Kg6 36. Kf3 Re6 37. Rd7 Kf6 38. Rd5 g6 39. b4 axb4 40. Rb5 Ke7
41. Rxb4 Kd7 42. Rb2 Kc6 43. Kg4 Kd5 1/2-1/2

[Event "O2C Doeberl Cup 2014"]
[Site "Canberra AUS"]
[Date "2014.04.18"]
[Round "3.24"]
[White "Goundar, Sanmogam"]
[Black "Berezina, Irina"]
[Result "1-0"]
[WhiteTitle "CM"]
[BlackTitle "IM"]
[WhiteElo "1969"]
[BlackElo "2195"]
[WhiteFideId "11400110"]
[BlackFideId "3201937"]
[EventDate "2014.04.17"]

1. e4 g6 2. d4 Bg7 3. Nc3 c6 4. Nf3 d5 5. h3 Nh6 6. Bf4 f6 7. exd5 cxd5 8. Nb5
Na6 9. c4 O-O 10. cxd5 Qxd5 11. Nc3 Qa5 12. Bc4+ Kh8 13. O-O g5 14. Bd2 g4 15.
hxg4 Bxg4 16. Nd5 Qd8 17. Bc3 Rc8 18. Bb3 Qd6 19. Re1 Nf5 20. Qd3 Bh6 21. Nh2
Rg8 22. Nxg4 Rxg4 23. Qxf5 Rcg8 24. Rxe7 1-0

[Event "O2C Doeberl Cup 2014"]
[Site "Canberra AUS"]
[Date "2014.04.18"]
[Round "3.45"]
[White "Gilmetdinov, Edik"]
[Black "Stead, Kerry"]
[Result "0-1"]
[WhiteElo "1865"]
[BlackElo "2013"]
[WhiteFideId "3213080"]
[BlackFideId "3202577"]
[EventDate "2014.04.17"]

1. d4 g6 2. Bf4 c5 3. e3 Qb6 4. Nc3 Nf6 5. Nf3 Bg7 6. Nb5 d6 7. Be2 O-O 8. O-O
a6 9. Nc3 Qxb2 10. Na4 Qb4 11. c3 Qa5 12. dxc5 dxc5 13. Ne5 Nbd7 14. Nc4 Qd8 15.
Bf3 Ra7 16. Ne5 Nxe5 17. Bxe5 Nd7 18. Bxg7 Kxg7 19. c4 Qc7 20. Rb1 Ne5 21. Nb6
Rd8 22. Qe2 Rd6 23. Qb2 Rxb6 24. Qxb6 Qxb6 25. Rxb6 Nxc4 26. Rbb1 Nd2 27. Rbc1
Nxf1 28. Rxc5 Nxh2 29. Kxh2 Be6 30. Rc7 Bxa2 31. Rxe7 Kf6 32. Rc7 Ke5 33. Kg3
Kd6 34. Rc3 b5 35. Ra3 Bc4 36. Kf4 a5 37. Bd1 Kc5 38. Ke5 b4 39. Ra1 b3 40. Rc1
Kb4 41. Kd4 Rd7+ 0-1

[Event "O2C Doeberl Cup 2014"]
[Site "Canberra AUS"]
[Date "2014.04.18"]
[Round "4.2"]
[White "Van Wely, Loek"]
[Black "Zelesco, Karl"]
[Result "1-0"]
[WhiteTitle "GM"]
[WhiteElo "2685"]
[BlackElo "2274"]
[WhiteFideId "1000268"]
[BlackFideId "3213390"]
[EventDate "2014.04.17"]

1. d4 d5 2. c4 c6 3. Nf3 Nf6 4. Qb3 dxc4 5. Qxc4 Bg4 6. Nbd2 Nbd7 7. g3 e6 8.
Bg2 Be7 9. O-O O-O 10. Rd1 Bf5 11. e3 Rc8 12. Qe2 c5 13. e4 Bg6 14. b3 cxd4 15.
Nxd4 Bc5 16. Bb2 Qe7 17. e5 Nd5 18. h4 Nb4 19. N2f3 a6 20. Ne1 h6 21. Bxb7 Rc7
22. Bg2 Rfc8 23. Rd2 Nb8 24. a3 Nd5 25. h5 Bh7 26. Qg4 Nd7 27. Bxd5 exd5 28. Nf5
Bxf5 29. Qxf5 Qe6 30. Qxe6 fxe6 31. Rc2 Kf7 32. Rac1 Ke7 33. Nd3 Bb6 34. Rxc7
Rxc7 35. Rxc7 Bxc7 36. Bd4 Nb8 37. Bc5+ Ke8 38. f4 Nc6 39. b4 Nb8 40. Kf2 Nd7
41. Kf3 Kf7 42. g4 g5 43. hxg6+ Kxg6 44. Bd6 Bxd6 45. exd6 Kf7 46. Ne5+ Ke8 47.
Nxd7 Kxd7 48. g5 hxg5 49. fxg5 Kxd6 50. g6 Ke7 51. a4 1-0

[Event "O2C Doeberl Cup 2014"]
[Site "Canberra AUS"]
[Date "2014.04.18"]
[Round "4.3"]
[White "Mu, Ke"]
[Black "Zhao, Zong-Yuan"]
[Result "1/2-1/2"]
[BlackTitle "GM"]
[WhiteElo "2325"]
[BlackElo "2573"]
[WhiteFideId "8602778"]
[BlackFideId "3202534"]
[EventDate "2014.04.17"]

1. d4 Nf6 2. c4 e6 3. Nc3 Bb4 4. e3 d5 5. Ne2 O-O 6. a3 Bd6 7. Ng3 c5 8. dxc5
Bxc5 9. cxd5 exd5 10. Bd3 Nc6 11. O-O a6 1/2-1/2

[Event "O2C Doeberl Cup 2014"]
[Site "Canberra AUS"]
[Date "2014.04.18"]
[Round "4.4"]
[White "Solomon, Stephen J."]
[Black "Melkumyan, Hrant"]
[Result "0-1"]
[WhiteTitle "IM"]
[BlackTitle "GM"]
[WhiteElo "2369"]
[BlackElo "2633"]
[WhiteFideId "3200043"]
[BlackFideId "13302485"]
[EventDate "2014.04.17"]

1. e4 e5 2. Nf3 Nc6 3. Bb5 Nf6 4. d3 Bc5 5. c3 O-O 6. Nbd2 Re8 7. Nf1 d5 8. Qe2
a6 9. Ba4 Be6 10. Bxc6 bxc6 11. Ng3 Nd7 12. Ng5 Nf8 13. Qf3 Qd7 14. Nxe6 Nxe6
15. O-O Rad8 16. Nf5 Bf8 17. h4 g6 18. Nh6+ Bxh6 19. Bxh6 dxe4 20. dxe4 Qe7 21.
g3 f6 22. Kg2 Qf7 23. Qe3 Rd6 24. Rad1 Qd7 25. Qe2 a5 26. Qf3 Qf7 27. Bc1 Red8
28. b3 h5 29. Ba3 c5 30. Qe2 Qd7 31. Rxd6 cxd6 32. Rd1 Kg7 33. Bc1 Qc6 34. Qe3
Kf7 35. f3 a4 36. Qd3 Ke7 37. Qc4 Nc7 38. b4 Qb5 39. Qxb5 Nxb5 40. bxc5 Nxc3 41.
Rd3 Nb5 42. Be3 Rc8 43. Rd5 Ke6 44. Kf2 f5 45. cxd6 Nxd6 46. Bc5 Ne8 47. Bb4
fxe4 48. fxe4 Rc4 49. Rb5 Rxe4 50. Rb6+ Kf5 51. Be7 Rc4 52. a3 Rc2+ 53. Kf3 Rc3+
54. Kg2 Nc7 55. Rf6+ Ke4 56. Rxg6 Nd5 57. Bg5 Rxa3 58. Ra6 Nb4 59. Ra8 Ra2+ 0-1

[Event "O2C Doeberl Cup 2014"]
[Site "Canberra AUS"]
[Date "2014.04.18"]
[Round "4.5"]
[White "Vajda, Levente"]
[Black "Stojic, Dusan"]
[Result "1-0"]
[WhiteTitle "GM"]
[BlackTitle "FM"]
[WhiteElo "2597"]
[BlackElo "2173"]
[WhiteFideId "1203975"]
[BlackFideId "3203689"]
[EventDate "2014.04.17"]

1. e4 c5 2. c3 Nf6 3. e5 Nd5 4. d4 cxd4 5. Nf3 Nc6 6. cxd4 d6 7. Bc4 e6 8. O-O
Be7 9. Qe2 O-O 10. Nc3 Nxc3 11. bxc3 dxe5 12. dxe5 Qa5 13. Bd2 Rd8 14. Rfe1 Bd7
15. Bb3 h6 16. Qe4 Bf8 17. Bc2 g6 18. Qh4 h5 19. Bg5 Rdc8 20. Re3 Qa3 21. Rd1
Be8 22. g4 Qxa2 23. Be4 Qa4 24. Rde1 hxg4 25. Bf6 Bg7 26. Ng5 1-0